000 00699nam a2200241Ia 4500
003 OSt
005 20220926022617.0
006 a|||||r|||| 00| 0
007 ta
008 220923b |||||||| |||| 00| 0 eng d
037 _cGeneral Book
040 _aRTL
_cRTL
_beng
041 _2eng
_aeng
082 _aNB,5.5.N7, M0
110 _aUnited Nations. Economic Commission for Europe
245 0 _aUrban renewal and the quality oflife
260 _aNew York
_bUnited Nations USA
_c1980
300 _a60p.
_ccm.
650 _aFine Arts
_934717
700 _aUnited Nations. Economic Commission for Europe
942 _hNB,5.5.N7, M0
_cGB
_2CC
999 _c639897
_d639897